000 00496nam a2200205Ia 4500
999 _c59494
_d59494
003 0100
005 20171208093950.0
008 130303s9999 xx 000 0 und d
040 _cARRUPELIB
050 _aGN645.O59 1975
100 _aOnwuejeogwu, Angulu M.
_938019
245 4 _aThe social anthropology of Africa:
_ban introduction /
260 _aNairobi
_bHeinemann
_c1975
300 _axxiv
300 _b 296p. 24cm.
650 _aEthnology
_zAfrica
_926228
650 _aEthnology
_9128
942 _2lcc
_02
_cMONOGRAPH